| 000 | 00651nam a2200253Ia 4500 | ||
|---|---|---|---|
| 005 | 20250425161926.0 | ||
| 008 | 250425s9999 xx 000 0 und d | ||
| 020 | _a9589181384 | ||
| 041 | _aspa | ||
| 043 | _ack | ||
| 082 | _a610.696 | ||
| 100 | _aLEAL QUEVEDO, FRANCISCO J. (COORDINADOR) | ||
| 245 | 0 | _aPLATA RUEDA: HACIA UNA MEDICINA MAS HUMANA | |
| 250 | _a1 ED. | ||
| 260 | _aBOGOTA | ||
| 260 |
_aColombia _bEDITORIAL MEDICA PANAMERICANA _c1997 |
||
| 300 | _a302 | ||
| 650 | _aCOMUNICACIONES | ||
| 650 | _aETICA MEDICA | ||
| 650 | _aMEDICINA SOCIAL | ||
| 710 | _aEDITORIAL MEDICA PANAMERICANA | ||
| 942 | _c01 | ||
| 010 | _a35183 | ||
| 999 |
_c218989 _d218989 |
||